Quiz sur le l'Indre-et-Loire - Statistiques

Statistiques générales
  • Ce quiz a été pris 207 fois
  • Le résultat moyen est 15 sur 20
Statistiques - réponses
Question Réponse % Correct
Numéro du département 37
99%
Préfecture et plus grande ville Tours
98%
Région Centre-Val-de-Loire
97%
Départements limitrophes Indre
89%
Commune connue pour son château, ancienne résidence des Rois de France et le Clos Lucé, dernière résidence de Léonard de Vinci. Amboise
86%
Spécialité à base de viande dont une petite rivalité existe en la préfecture du département et la ville du Mans qui se disputent sa création. Les rillettes
86%
Loir-et-Cher
80%
Maine-et-Loire
79%
Vienne
78%
Château visible sur la photo qui accueillit Catherine de Médicis et reconnaissable à son emplacement sur le Cher. Chenonceau
77%
Sous-préfectures Chinon
72%
Sarthe
72%
Loches
70%
Chanteuse d'Indre-et-Loire connue pour ses titres ''Je veux'' ou ''La Fée''. Zaz
68%
Deuxième ville la plus peuplée Joué-lès-Tours
67%
Ancienne province correspondant à l'actuel Indre-et-Loire. Touraine
65%
C'est dans le département qu'on trouverait le français le plus ... Pur
57%
Gentilé Tourangeau / Indroligérien / Indréloirien
52%
Homme d'Etat français du XVIIème siècle qui a donné son nom à cette commune comportant 1 600 habitants et 93 monuments historiques (27ème commune de France avec le plus de monuments historiques devant Caen, Marseille ou Poitiers). Richelieu
51%
Nombre d'habitants (arrondi à la dizaine de milliers d'habitants) 610 000 (606 511)
34%
Aucun quiz correspondant
Distribution des résultats
% des personnes avec chaque résultat
Percentile par nombre de réponses
Votre historique - résultats
Vous n’avez pas pris ce quiz